00429nam a2200121Ia 4500008004100000041001200041082002500053100002000078245012500098260002800223300000800251650004800259231217s9999 xx 000 0 und d aEnglish a001.6424C HON4;1 R aHongal, Rajesh. 0aData structures using C : for 2nd sem. BCA curriculum course prescribed by Bangalore University and Karnataka University c2008bEBPB BooksaGadag a219 astructures,using,C,2nd,curriculum,Karnataka